[Event "Online Olym Div3 E"]
[Site "Chess.com INT"]
[Date "2021.08.29"]
[Round "7.5"]
[White "Ortiz, Katherine Berenice"]
[Black "Chung Hurtado, Yaleika"]
[Result "0-1"]
[WhiteElo "1842"]
[BlackElo "1677"]
[PlyCount "120"]
[EventDate "2021.08.27"]
[EventType "team-tourn (rapid)"]
[EventRounds "9"]
[EventCountry "USA"]
[SourceTitle "CBM 204 Extra"]
[Source "ChessBase"]
[SourceDate "2021.11.30"]
[SourceVersion "1"]
[SourceVersionDate "2021.11.30"]
[SourceQuality "1"]
[WhiteTeam "Honduras"]
[BlackTeam "Panama"]
[WhiteTeamCountry "HON"]
[BlackTeamCountry "PAN"]

1. d4 Nf6 2. Bf4 d5 3. e3 c6 4. Bd3 Bg4 5. Nf3 e6 6. Nbd2 Bh5 7. 0-0 Be7 8. c4 Bg6 9. Qc2 Bxd3 10. Qxd3 Nbd7 11. Ne5 Nh5 12. Nxd7 Nxf4 13. exf4 Qxd7 14. Nf3 dxc4 15. Qxc4 0-0 16. Ne5 Qd5 17. Qxd5 cxd5 18. Rac1 Rac8 19. g3 Bd6 20. Rfe1 Bxe5 21. fxe5 Rfd8 22. Kf1 Kf8 23. Ke2 Ke7 24. Kd2 Kd7 25. f4 Rc6 26. Rxc6 bxc6 27. Rc1 Rb8 28. Kc3 a5 29. b3 Rb5 30. a4 Rb4 31. Rf1 g6 32. g4 c5 33. dxc5 Kc6 34. h3 Kxc5 35. f5 gxf5 36. gxf5 Rh4 37. fxe6 fxe6 38. Rf6 d4+ 39. Kc2 Kd5 40. Rf8 Kxe5 41. Ra8 Ke4 42. Rxa5 Rxh3 43. Rg5 Rh2+ 44. Kc1 d3 45. a5 Kf4 46. Rg7 e5 47. Rf7+ Ke3 48. Rf1 Ra2 49. Re1+ Kd4 50. Kb1 Rxa5 51. Kb2 e4 52. b4 Rb5 53. Kb3 e3 54. Ka4 Rb8 55. b5 d2 56. Rd1 Kd3 57. Rh1 e2 58. Rh3+ Kc2 59. Rxh7 d1Q 60. Kb4 e1Q+ 0-1

[Event "Olympiad Women-43"]
[Site "Batumi"]
[Date "2018.09.26"]
[Round "3.42"]
[White "Ortiz, Katherine Berenice"]
[Black "Ortiz Verdesoto, Anahi Eduarda"]
[Result "1/2-1/2"]
[WhiteElo "1822"]
[BlackElo "1954"]
[PlyCount "80"]
[EventDate "2018.09.24"]
[EventType "team-swiss"]
[EventRounds "11"]
[EventCountry "GEO"]
[SourceTitle "EXT 2020"]
[Source "ChessBase"]
[SourceDate "2019.10.17"]
[SourceVersion "1"]
[SourceVersionDate "2019.10.17"]
[SourceQuality "1"]
[WhiteTeam "Honduras (W)"]
[BlackTeam "Ecuador (W)"]
[WhiteTeamCountry "HON"]
[BlackTeamCountry "ECU"]

1. d4 Nf6 2. e3 e6 3. Bd3 b6 4. Nf3 Bb7 5. c4 Be7 6. Nc3 d5 7. 0-0 0-0 8. b3 Nbd7 9. Bb2 c5 10. cxd5 exd5 11. Rc1 Rc8 12. Re1 Ne4 13. Nd2 Nxd2 14. Qxd2 cxd4 15. exd4 Nf6 16. Bf5 Rc6 17. f3 Bd6 18. Nb5 Rxc1 19. Qxc1 Bb8 20. Ba3 Re8 21. Rxe8+ Nxe8 22. Qe3 Nf6 23. Qe7 Qe8 24. Qxe8+ Nxe8 25. g3 Bc6 26. Bd3 g6 27. Kf2 h5 28. Be7 Kg7 29. a4 f6 30. Bb4 Kf7 31. Nc3 Ng7 32. f4 h4 33. Kf3 Ne6 34. Ne2 hxg3 35. hxg3 Bb7 36. Ba3 a6 37. Bb4 Bc7 38. Ba3 Bc8 39. Bb4 Ng7 40. g4 Ne6 1/2-1/2

[Event "Olympiad Women-43"]
[Site "Batumi"]
[Date "2018.09.24"]
[Round "1.18"]
[White "Ortiz, Katherine Berenice"]
[Black "Nguyen, Thi Mai Hung"]
[Result "0-1"]
[WhiteElo "1822"]
[BlackElo "2244"]
[PlyCount "126"]
[EventDate "2018.09.24"]
[EventType "team-swiss"]
[EventRounds "11"]
[EventCountry "GEO"]
[SourceTitle "EXT 2020"]
[Source "ChessBase"]
[SourceDate "2019.10.17"]
[SourceVersion "1"]
[SourceVersionDate "2019.10.17"]
[SourceQuality "1"]
[WhiteTeam "Honduras (W)"]
[BlackTeam "Vietnam (W)"]
[WhiteTeamCountry "HON"]
[BlackTeamCountry "VIE"]

1. e4 c5 2. Nf3 g6 3. c3 Bg7 4. g3 Nc6 5. Bg2 Nf6 6. d3 d6 7. 0-0 0-0 8. Re1 e5 9. h3 b6 10. Be3 d5 11. exd5 Nxd5 12. Bg5 f6 13. Bd2 Bb7 14. Qa4 Nde7 15. d4 cxd4 16. cxd4 Nxd4 17. Nxd4 Bxg2 18. Kxg2 exd4 19. Bb4 Re8 20. Bxe7 Rxe7 21. Rxe7 Qxe7 22. Qxd4 Qb7+ 23. Kg1 f5 24. Qc4+ Qf7 25. Qxf7+ Kxf7 26. Nc3 Rc8 27. Nb5 Rc2 28. Rd1 Rxb2 29. Rd7+ Kf8 30. a4 a5 31. Nc7 Re2 32. Na8 Re6 33. Kf1 h5 34. Nc7 Rc6 35. Ke2 Be5 36. Nb5 Rc2+ 37. Ke3 Ra2 38. f4 Bf6 39. Rd6 Be7 40. Rxg6 Rxa4 41. Kd3 h4 42. gxh4 Rxf4 43. Rxb6 Bxh4 44. Ra6 Be1 45. Nd4 Kf7 46. Ra7+ Kg6 47. Ra6+ Kh5 48. Rf6 Kg5 49. Rc6 Re4 50. Rc8 Bb4 51. Rc2 Re8 52. Rg2+ Kf6 53. Rf2 Re5 54. Kc4 Rc5+ 55. Kb3 Re5 56. Kc4 Bd6 57. Rf1 a4 58. h4 Rc5+ 59. Kd3 a3 60. Rf2 Ra5 61. Ra2 Ra4 62. Nb5 Bf8 63. Ke2 Rxh4 0-1

[Event "HON-ch (Women)"]
[Site "Tegucigalpa"]
[Date "2018.03.10"]
[Round "3.4"]
[White "Ortiz, Katherine Berenice"]
[Black "Fernandez, Mirna Graciela"]
[Result "1-0"]
[WhiteElo "1835"]
[BlackElo "1603"]
[PlyCount "81"]
[EventDate "2018.03.08"]
[EventType "swiss"]
[EventRounds "6"]
[EventCountry "HON"]
[SourceTitle "EXT 2024"]
[Source "ChessBase"]
[SourceDate "2023.10.10"]
[SourceVersion "1"]
[SourceVersionDate "2023.10.10"]
[SourceQuality "1"]

1. d4 Nf6 2. e3 g6 3. f4 d5 4. Bd3 Bg7 5. Nf3 c5 6. c3 b6 7. Ne5 0-0 8. Nd2 Qc7 9. 0-0 Nbd7 10. Qf3 a5 11. a4 Ba6 12. Bxa6 Rxa6 13. g4 e6 14. h4 h5 15. gxh5 Nxh5 16. Qh3 Nxe5 17. fxe5 Qe7 18. Qg4 Bh6 19. Nf3 Ng7 20. Kf2 Nf5 21. h5 Kh7 22. Rg1 Rg8 23. Qh3 Raa8 24. hxg6+ Rxg6 25. Rxg6 fxg6 26. Ke2 Kg7 27. Bd2 Rf8 28. Rh1 Qf7 29. e4 dxe4 30. Bxh6+ Kg8 31. Ng5 Nxd4+ 32. cxd4 Qf2+ 33. Kd1 Qxd4+ 34. Kc1 Qc4+ 35. Kb1 Rf2 36. Qxe6+ Qxe6 37. Nxe6 Rf5 38. Ng5 Rxe5 39. Re1 Re7 40. Rxe4 Rxe4 41. Nxe4 1-0

[Event "Olympiad Women-42"]
[Site "Baku"]
[Date "2016.09.11"]
[Round "9.2"]
[White "Ortiz, Katherine Berenice"]
[Black "Sotomayor Villatoro, Silvi"]
[Result "1-0"]
[WhiteElo "1857"]
[BlackElo "1876"]
[PlyCount "123"]
[EventDate "2016.09.02"]
[EventType "team-swiss"]
[EventRounds "11"]
[EventCountry "AZE"]
[SourceTitle "CBM 174 Extra"]
[Source "ChessBase"]
[SourceDate "2016.10.10"]
[SourceVersion "1"]
[SourceVersionDate "2016.10.10"]
[SourceQuality "1"]
[WhiteTeam "Honduras (W)"]
[BlackTeam "Guatemala (W)"]
[WhiteTeamCountry "HON"]
[BlackTeamCountry "GUA"]

1. e4 c5 2. Nf3 e6 3. d4 cxd4 4. Nxd4 a6 5. Bd3 Qc7 6. 0-0 Nf6 7. Kh1 b6 8. Nc3 Bb7 9. Qe2 d6 10. Bd2 Nbd7 11. f4 g6 12. Rae1 Bg7 13. Nf3 0-0 14. Qf2 Nc5 15. Qh4 b5 16. a3 d5 17. e5 Nfe4 18. Nxe4 dxe4 19. Ng5 h6 20. Nxe4 Nxe4 21. Rxe4 Bxe4 22. Bxe4 Rad8 23. Bd3 Rd7 24. Qe1 Rc8 25. Bc3 Bf8 26. Qg3 Kh7 27. h4 h5 28. Qf3 Bxa3 29. Qxh5+ Kg7 30. Qg4 Rxd3 31. cxd3 b4 32. Bd2 Bxb2 33. Bxb4 a5 34. Bd6 Qd7 35. Qg5 a4 36. Qf6+ Kh6 37. h5 a3 38. hxg6 Qd8 39. Qxd8 Rxd8 40. gxf7 Kg7 41. f8Q+ Rxf8 42. Bxf8+ Kxf8 43. g4 a2 44. Kg2 a1Q 45. Rxa1 Bxa1 46. Kf3 Bc3 47. Ke4 Kf7 48. d4 Bb2 49. f5 Bc1 50. fxe6+ Kxe6 51. d5+ Ke7 52. Kf5 Ba3 53. g5 Kf7 54. d6 Bb4 55. e6+ Ke8 56. g6 Bc3 57. Ke4 Bf6 58. Kd5 Kf8 59. Kc6 Ke8 60. Kc7 Be5 61. Kc8 Bf6 62. d7+ 1-0

[Event "Olympiad Women-42"]
[Site "Baku"]
[Date "2016.09.10"]
[Round "8.3"]
[White "Ortiz, Katherine Berenice"]
[Black "Meddeb, Chadha"]
[Result "1-0"]
[WhiteElo "1857"]
[BlackElo "1585"]
[PlyCount "49"]
[EventDate "2016.09.02"]
[EventType "team-swiss"]
[EventRounds "11"]
[EventCountry "AZE"]
[SourceTitle "CBM 174 Extra"]
[Source "ChessBase"]
[SourceDate "2016.10.10"]
[SourceVersion "1"]
[SourceVersionDate "2016.10.10"]
[SourceQuality "1"]
[WhiteTeam "Honduras (W)"]
[BlackTeam "Tunisia (W)"]
[WhiteTeamCountry "HON"]
[BlackTeamCountry "TUN"]

1. e4 e6 2. d4 d5 3. Nc3 Bb4 4. exd5 exd5 5. Bd3 Ne7 6. Nge2 Nbc6 7. 0-0 Be6 8. a3 Bd6 9. Nb5 Ng6 10. f4 Nh4 11. f5 Nxf5 12. Bxf5 Bxf5 13. Nxd6+ Qxd6 14. Rxf5 f6 15. Ng3 0-0-0 16. c3 Ne7 17. Rf1 h5 18. Nf5 Nxf5 19. Rxf5 g6 20. Rf2 g5 21. Qd3 Rdf8 22. Qf5+ Kd8 23. Bd2 c6 24. Re1 Rh6 25. Bxg5 1-0

[Event "Central America-chT (Women)"]
[Site "Managua"]
[Date "2015.07.29"]
[Round "4.2"]
[White "Ortiz, Katherine Berenice"]
[Black "Garcia Mendez, Alcira Guadalupe"]
[Result "0-1"]
[WhiteElo "1862"]
[BlackElo "1725"]
[PlyCount "99"]
[EventDate "2015.07.27"]
[EventType "team-tourn"]
[EventRounds "5"]
[EventCountry "NCA"]
[SourceTitle "EXT 2016"]
[Source "ChessBase"]
[SourceDate "2015.10.08"]
[SourceVersion "1"]
[SourceVersionDate "2015.10.08"]
[SourceQuality "1"]
[WhiteTeam "Honduras (W)"]
[BlackTeam "El Salvador (W)"]
[WhiteTeamCountry "HON"]
[BlackTeamCountry "ESA"]

1. e4 e5 2. Bc4 Nf6 3. Qe2 Nc6 4. c3 Bc5 5. Nf3 a6 6. Bb3 d6 7. d3 Be6 8. Bc2 h6 9. Nbd2 Ne7 10. d4 exd4 11. cxd4 Ba7 12. 0-0 0-0 13. b3 Ng6 14. Nc4 Bg4 15. Bb2 Nh4 16. Ncd2 Nh5 17. Qe3 f5 18. exf5 Nxf5 19. Qe6+ Kh7 20. Qe4 Nf6 21. Qxb7 g6 22. Rac1 Bb6 23. Qc6 Qe8 24. Qc4 d5 25. Qd3 Nd6 26. Ne5 Bf5 27. Qe3 Nde4 28. f3 Qxe5 29. fxe4 Nxe4 30. Nf3 Qf6 31. Ne5 Qxe5 32. Bxe4 Qxe4 33. Qg3 Bxd4+ 34. Bxd4 Qxd4+ 35. Kh1 Rac8 36. h4 c5 37. Rf4 Qd3 38. Rf3 Qe4 39. Rcf1 h5 40. Re1 Qg4 41. Re7+ Kg8 42. Qf2 d4 43. Rf4 Qd1+ 44. Kh2 Qc2 45. Qg3 Rc6 46. Qg5 Rcf6 47. Re5 Kg7 48. Rd5 d3 49. Rfxf5 Rxf5 50. Rxf5 0-1

[Event "Olympiad Women-41"]
[Site "Tromsoe"]
[Date "2014.08.11"]
[Round "9.1"]
[White "Ortiz, Katherine Berenice"]
[Black "Shamima, Akter Liza"]
[Result "0-1"]
[WhiteElo "1864"]
[BlackElo "2147"]
[PlyCount "78"]
[EventDate "2014.08.02"]
[EventType "team-swiss"]
[EventRounds "11"]
[EventCountry "NOR"]
[SourceTitle "CBM 162"]
[Source "ChessBase"]
[SourceDate "2014.09.17"]
[SourceVersion "1"]
[SourceVersionDate "2014.09.17"]
[SourceQuality "1"]
[WhiteTeam "Honduras (W)"]
[BlackTeam "Bangladesh (W)"]
[WhiteTeamCountry "HON"]
[BlackTeamCountry "BAN"]

1. d4 d5 2. c4 c6 3. Nc3 Nf6 4. Nf3 a6 5. a4 Bf5 6. Bf4 e6 7. e3 Bb4 8. Be2 Qa5 9. Qb3 dxc4 10. Bxc4 b5 11. Be2 Nd5 12. 0-0 Bxc3 13. axb5 Qb4 14. Qxb4 Bxb4 15. Bxb8 Rxb8 16. bxa6 Bd6 17. Rfc1 Kd7 18. a7 Ra8 19. Nd2 Ne7 20. Nc4 Nc8 21. Bf3 Rxa7 22. Nb6+ Kd8 23. Nxc8 Rxa1 24. Rxa1 Kxc8 25. Bxc6 Kc7 26. Bf3 Rb8 27. Ra7+ Kd8 28. Rxf7 Rxb2 29. g4 Bd3 30. Bc6 Be7 31. Rxg7 Bg6 32. Rg8+ Kc7 33. Ba8 Bh4 34. Rf8 Kd6 35. e4 Rd2 36. e5+ Ke7 37. Rf4 Bg5 38. Rf3 Rxd4 39. h3 Bf4 0-1

[Event "Managua Sub zt 2.3.2 (Women)"]
[Site "Managua"]
[Date "2014.05.02"]
[Round "9"]
[White "Madrigal, Ana Daniela"]
[Black "Ortiz, Katherine Berenice"]
[Result "0-1"]
[WhiteElo "2000"]
[BlackElo "1815"]
[PlyCount "100"]
[EventDate "2014.04.27"]
[EventType "swiss"]
[EventRounds "9"]
[EventCountry "NCA"]
[SourceTitle "EXT 2016"]
[Source "ChessBase"]
[SourceDate "2015.10.08"]
[SourceVersion "1"]
[SourceVersionDate "2015.10.08"]
[SourceQuality "1"]

1. d4 d5 2. c4 e6 3. cxd5 exd5 4. Nc3 Nf6 5. Bg5 Be7 6. e3 c6 7. Bd3 Ne4 8. Bxe7 Qxe7 9. Rc1 0-0 10. Nge2 Rd8 11. 0-0 Nd7 12. Qc2 f5 13. Rfe1 Nb6 14. f3 Nxc3 15. Nxc3 h6 16. Qf2 Qf8 17. a3 Bd7 18. Nb1 Rac8 19. b4 Be6 20. Nd2 Nd7 21. Rc3 Qd6 22. Qg3 Qxg3 23. hxg3 Rf8 24. Rec1 Nb6 25. Nb3 Na4 26. R3c2 Bd7 27. Kf2 b6 28. Ke2 Rfe8 29. Kd2 g6 30. b5 cxb5 31. Rxc8 Rxc8 32. Rxc8+ Bxc8 33. Bxb5 Nb2 34. a4 Kf7 35. Nc1 Ke7 36. Nd3 Nxd3 37. Bxd3 Bd7 38. Bc2 Kd6 39. Kc3 b5 40. Bb3 Bc6 41. Kb4 a6 42. g4 fxg4 43. fxg4 Be8 44. Bd1 Bd7 45. g3 g5 46. Be2 h5 47. Bf1 Be8 48. Kc3 h4 49. Bg2 Bf7 50. Kd3 Be6 0-1

[Event "Managua Sub zt 2.3.2 (Women)"]
[Site "Managua"]
[Date "2014.05.02"]
[Round "8"]
[White "Ortiz, Katherine Berenice"]
[Black "Rodriguez Arrieta, Maria Elena"]
[Result "1/2-1/2"]
[WhiteElo "1815"]
[BlackElo "1887"]
[PlyCount "36"]
[EventDate "2014.04.27"]
[EventType "swiss"]
[EventRounds "9"]
[EventCountry "NCA"]
[SourceTitle "EXT 2016"]
[Source "ChessBase"]
[SourceDate "2015.10.08"]
[SourceVersion "1"]
[SourceVersionDate "2015.10.08"]
[SourceQuality "1"]

1. e4 d5 2. exd5 Qxd5 3. Nc3 Qa5 4. Nf3 Bf5 5. Bc4 Nf6 6. d4 c6 7. 0-0 e6 8. Ne5 Be7 9. Bb3 Nbd7 10. Re1 Nxe5 11. dxe5 Nd7 12. Bf4 0-0-0 13. Qe2 g5 14. Bd2 Qc7 15. Rad1 h5 16. Ne4 Bxe4 17. Qxe4 Rdg8 18. Bb4 Bxb4 1/2-1/2

[Event "Panama op 3rd"]
[Site "Panama City"]
[Date "2013.11.03"]
[Round "5"]
[White "Ortiz, Katherine Berenice"]
[Black "Monzon Perez, Calixto Raul"]
[Result "0-1"]
[WhiteElo "1733"]
[BlackElo "2059"]
[PlyCount "66"]
[EventDate "2013.10.30"]
[EventType "swiss"]
[EventRounds "9"]
[EventCountry "PAN"]
[SourceTitle "EXT 2014"]
[Source "ChessBase"]
[SourceDate "2013.11.20"]
[SourceVersion "1"]
[SourceVersionDate "2013.11.20"]
[SourceQuality "1"]

1. e4 e5 2. Bc4 Nc6 3. Nf3 Bc5 4. d3 Nf6 5. Bg5 h6 6. Bh4 g5 7. Bg3 d6 8. h3 Na5 9. Bb5+ c6 10. Ba4 b5 11. Bb3 Nxb3 12. axb3 Nh5 13. c3 Nxg3 14. fxg3 0-0 15. d4 exd4 16. cxd4 Bb6 17. 0-0 f5 18. Qd3 fxe4 19. Qxe4 Qe8 20. Qd3 Bf5 21. Qd2 Qg6 22. Nc3 Rf7 23. Kh2 Raf8 24. d5 Bd7 25. Rad1 c5 26. g4 h5 27. gxh5 Qxh5 28. Ne4 Rxf3 29. Rxf3 Rxf3 30. gxf3 Qxh3+ 31. Kg1 c4+ 32. Nf2 Qxf3 33. Qxg5+ Kf7 0-1